000 00602cam a2200205 a 4500
001 000008807
005 20200929161418.0
008 720712s1968 ve 000 f spa d
040 _aDO-SdBNP
_bspa
_cBNPHU
082 _aV863.44
_bB198L
100 1 _aBalza, José,
_d1939-
_923351
245 1 0 _aLargo :
_bnovela /
_cJosé Balza.
260 _aCaracas :
_bMonte Ávila,
_c1968.
300 _a141 p. ;
_c18 cm.
490 1 _aContinente
650 4 _aNovela venezolana
_93962
650 4 _aLiteratura venezolana
_ySIGLO XX
_99777
830 0 _aContinente.
_95070
910 _aValidado. Control de calidad MFF
999 _c8576
_d8576